000 00841nam a2200241 4500
001 144933
003 ES-MaACL
005 20250730025427.0
007 t|
008 070214s1942 sp r ||||1| spa d
100 1 _aSimon, Georg.
_9106508
245 1 0 _aManual práctico de tuberculosis infantil /
_cGeorg Simon, F. Redeker ; versión y notas de Rafael Navarro Gutiérrez, Fernando Paz Espeso.
250 _a2ª. ed. española de la última alemana corregida.
260 _aMadrid :
_bMorata,
_c1942.
300 _aXIX, 736 p. :
_bil. ;
_c25 cm.
650 0 7 _aTuberculosis en niños
_2embne
_917659
700 1 _aNavarro Gutiérrez, Rafael.
_985135
700 1 _aPaz Espeso, Fernando.
_989768
700 1 _aDíez Fernández, Carlos.
_944727
700 1 _aRedeker, F.
_995790
852 _aES-MaACL
_jE-59
999 _c144933
_d144933